[Event "BUL-ch (Women)"]
[Site "Sofia"]
[Date "2023.01.29"]
[Round "9"]
[White "Georgieva, Emilia"]
[Black "Raeva, Elitsa"]
[Result "0-1"]
[WhiteElo "1847"]
[BlackElo "2189"]
[PlyCount "52"]
[EventDate "2023.01.21"]
[EventType "swiss"]
[EventRounds "9"]
[EventCountry "BUL"]
[SourceTitle "CBM 212 Extra"]
[Source "ChessBase"]
[SourceDate "2023.03.31"]
[SourceVersion "1"]
[SourceVersionDate "2023.03.31"]
[SourceQuality "1"]

1. d4 Nf6 2. Nf3 d5 3. c3 e6 4. Bg5 Be7 5. e3 Nbd7 6. Nbd2 0-0 7. Bd3 c5 8. Qa4 a6 9. Ne5 h6 10. Bxf6 Bxf6 11. f4 Bxe5 12. dxe5 c4 13. Be2 Qb6 14. Kf2 Qxb2 15. Qd1 Qxc3 16. Nf3 Nc5 17. Qc1 Ne4+ 18. Kf1 b5 19. Qxc3 Nxc3 20. Nd4 Bd7 21. Kf2 b4 22. Bf3 a5 23. Rhc1 Nb5 24. g4 Nxd4 25. exd4 a4 26. Be2 b3 0-1

[Event "Skopje op"]
[Site "Skopje"]
[Date "2022.10.23"]
[Round "4"]
[White "Lazov, Toni"]
[Black "Georgieva, Emilia"]
[Result "1-0"]
[WhiteElo "2350"]
[BlackElo "1828"]
[PlyCount "79"]
[EventDate "2022.10.21"]
[EventType "swiss"]
[EventRounds "9"]
[EventCountry "MKD"]
[SourceTitle "EXT 2024"]
[Source "ChessBase"]
[SourceDate "2023.10.10"]
[SourceVersion "1"]
[SourceVersionDate "2023.10.10"]
[SourceQuality "1"]

1. e4 c6 2. d4 d5 3. e5 Bf5 4. Nd2 e6 5. Nb3 Nd7 6. Nf3 Bg4 7. h3 Bxf3 8. Qxf3 g6 9. g4 Bg7 10. Be3 Qe7 11. Qg3 0-0-0 12. 0-0-0 f6 13. f4 f5 14. Kb1 Kb8 15. Bf2 Nh6 16. Na5 Rc8 17. c4 Rc7 18. Rc1 Rhc8 19. Be2 b6 20. Nb3 Bf8 21. a3 Ka8 22. Na1 Qd8 23. Nc2 Nb8 24. Ne3 a6 25. gxf5 Nxf5 26. Nxf5 gxf5 27. Rhg1 Ka7 28. c5 b5 29. Qh4 Qxh4 30. Bxh4 Rg7 31. Bg5 Rcc7 32. Kc2 a5 33. Kd3 Na6 34. b3 Rcd7 35. Bh5 Nc7 36. Ke3 Kb7 37. Bf6 Rxg1 38. Rxg1 Bh6 39. Rg8 Ka7 40. Be8 1-0

[Event "Skopje op"]
[Site "Skopje"]
[Date "2022.10.22"]
[Round "2"]
[White "Georgieva, Emilia"]
[Black "Sukovic, Andrej"]
[Result "1/2-1/2"]
[WhiteElo "1828"]
[BlackElo "2248"]
[PlyCount "209"]
[EventDate "2022.10.21"]
[EventType "swiss"]
[EventRounds "9"]
[EventCountry "MKD"]
[SourceTitle "EXT 2024"]
[Source "ChessBase"]
[SourceDate "2023.10.10"]
[SourceVersion "1"]
[SourceVersionDate "2023.10.10"]
[SourceQuality "1"]

1. d4 Nf6 2. Nf3 g6 3. c3 Bg7 4. Bg5 0-0 5. Nbd2 h6 6. Bxf6 Bxf6 7. e4 d6 8. Bd3 e5 9. 0-0 Nc6 10. d5 Ne7 11. c4 Bg7 12. Qc2 c5 13. Rfe1 f5 14. Rab1 f4 15. h3 g5 16. Nh2 Kh8 17. Be2 Ng8 18. Qd1 Nf6 19. b3 Qe8 20. a4 h5 21. f3 a5 22. Rc1 Bh6 23. Rc3 Rg8 24. Kf2 b6 25. Rh1 Ra7 26. Ke1 Kg7 27. Nb1 Kf8 28. Kd2 Rag7 29. Rc2 Qg6 30. Nc3 g4 31. hxg4 hxg4 32. Kc1 Bg5 33. Nb5 Nh5 34. Kb2 Ng3 35. Rg1 gxf3 36. gxf3 Qf6 37. Bd3 Bh4 38. Ka3 Qe7 39. Rcg2 Bh3 40. Rc2 Rg6 41. Nc3 Qg7 42. Nb5 Qe7 43. Rb2 Ke8 44. Rc2 Kd8 45. Nc3 Qg7 46. Nb5 Qe7 47. Nc3 Kc8 48. Nb5 Kb8 49. Rb2 R8g7 50. Rc2 Rh7 51. Rb2 Qg7 52. Rc2 Be7 53. Rb2 Rh5 54. Rc2 Rgg5 55. Rb2 Nxe4 56. Rxg5 Nxg5 57. Qg1 Qh6 58. Rf2 Bd7 59. Nf1 Rh1 60. Qg2 Qh3 61. Qxh3 Bxh3 62. Nd2 Rg1 63. Ne4 Nxe4 64. Bxe4 Rg2 65. Rxg2 Bxg2 66. Kb2 Kc8 67. Kc2 Kd7 68. Kd2 Bh3 69. Ke2 Bh4 70. Nc3 Ke7 71. Nb5 Bg3 72. Bd3 Bd7 73. Nc3 Bh4 74. Be4 Kf7 75. Nb5 Be7 76. Nc3 Kf6 77. Nb5 Kg5 78. Bd3 Kh4 79. Kf2 Kh3 80. Be4 Kh2 81. Bd3 Bh3 82. Be4 Bg2 83. Bf5 Bh4+ 84. Ke2 Kg3 85. Be4 Be7 86. Nc3 Bh3 87. Nb1 Kg2 88. Nd2 Kg1 89. Bg6 Bh4 90. Bh7 Bf2 91. Bg6 Be3 92. Ne4 Bf1+ 93. Kd1 Bd3 94. Bf5 Bxe4 95. Bxe4 Kf2 96. Kc2 Ke2 97. Kb2 Bd2 98. Kc2 Be1 99. Kb2 Bb4 100. Kc2 Ba3 101. Kb1 Kd2 102. Ka2 Bb4 103. Bf5 Bc3 104. Be4 Kc1 105. Bf5 1/2-1/2

[Event "Arad op 11th"]
[Site "Arad"]
[Date "2018.08.05"]
[Round "1"]
[White "Petrisor, Adrian Marian"]
[Black "Georgieva, Emilia"]
[Result "1-0"]
[WhiteElo "2416"]
[BlackElo "1861"]
[PlyCount "55"]
[EventDate "2018.08.05"]
[EventType "swiss"]
[EventRounds "9"]
[EventCountry "ROU"]
[SourceTitle "CBM 185 Extra"]
[Source "ChessBase"]
[SourceDate "2018.07.29"]
[SourceVersion "1"]
[SourceVersionDate "2018.07.29"]
[SourceQuality "1"]

1. e4 c6 2. d4 d5 3. e5 Bf5 4. h4 h6 5. g4 Bd7 6. h5 e6 7. f4 c5 8. c3 cxd4 9. cxd4 Bb4+ 10. Kf2 Nc6 11. Nf3 Qb6 12. Kg3 0-0-0 13. Nc3 f6 14. Na4 Qc7 15. a3 Be7 16. b4 fxe5 17. dxe5 b6 18. Bd2 Kb8 19. b5 Na5 20. Bxa5 bxa5 21. Rc1 Qb7 22. Nd4 Bxa3 23. Nc6+ Bxc6 24. bxc6 Qc7 25. Qb3+ Bb4 26. Nc5 Qb6 27. c7+ Kxc7 28. Na4+ 1-0

[Event "Gibraltar Amateur op-A"]
[Site "Caleta"]
[Date "2018.01.23"]
[Round "2"]
[White "Georgieva, Emilia"]
[Black "Sevillano Garcia, Joaquin"]
[Result "1-0"]
[WhiteElo "1848"]
[BlackElo "1751"]
[PlyCount "21"]
[EventDate "2018.01.22"]
[EventType "swiss"]
[EventRounds "5"]
[EventCountry "GGB"]
[SourceTitle "EXT 2019"]
[Source "ChessBase"]
[SourceDate "2018.10.10"]
[SourceVersion "1"]
[SourceVersionDate "2018.10.10"]
[SourceQuality "1"]

1. d4 Nf6 2. Nf3 e6 3. c3 d5 4. Bg5 Be7 5. e3 Nbd7 6. Nbd2 b6 7. Bd3 Bb7 8. Qa4 0-0 9. Ne5 Nxe5 10. dxe5 Nd7 11. Qh4 1-0

[Event "Thessaloniki White Tower op 40th"]
[Site "Thessaloniki"]
[Date "2018.01.02"]
[Round "1"]
[White "Trimitzios, Petros"]
[Black "Georgieva, Emilia"]
[Result "1-0"]
[WhiteElo "2304"]
[BlackElo "1848"]
[PlyCount "109"]
[EventDate "2018.01.02"]
[EventType "swiss"]
[EventRounds "9"]
[EventCountry "GRE"]
[SourceTitle "CBM 182 Extra"]
[Source "ChessBase"]
[SourceDate "2018.02.23"]
[SourceVersion "1"]
[SourceVersionDate "2018.02.23"]
[SourceQuality "1"]

1. d4 c6 2. c4 d5 3. Nf3 Nf6 4. Nc3 a6 5. a4 Bg4 6. Ne5 Bf5 7. Qb3 Bc8 8. Bf4 e6 9. e3 Be7 10. Be2 0-0 11. 0-0 Nfd7 12. Rfd1 f6 13. Nf3 g5 14. Bg3 f5 15. h3 Rf7 16. Rac1 Qf8 17. Qc2 Nf6 18. Nxg5 Rg7 19. Bf4 Bd6 20. Bxd6 Qxd6 21. f4 a5 22. Bd3 Na6 23. Qf2 Nb4 24. Be2 h6 25. Nf3 Bd7 26. Qh4 Kf7 27. Qxh6 Rag8 28. Ng5+ Ke7 29. Qh4 Be8 30. Bf3 Kf8 31. b3 Qe7 32. Qf2 Bh5 33. Kf1 Be8 34. Na2 Nxa2 35. Qxa2 Bh5 36. h4 Bxf3 37. gxf3 Rh8 38. Qf2 Nh5 39. c5 Rh6 40. Ke2 Qc7 41. Qe1 Ke7 42. Kd3 Rg8 43. b4 axb4 44. Qxb4 Nxf4+ 45. exf4 Rb8 46. Qe1 Qxf4 47. Qe5 Qxe5 48. dxe5 Ra8 49. Rb1 Rxh4 50. Rxb7+ Ke8 51. Rdb1 Rhxa4 52. Rb8+ Rxb8 53. Rxb8+ Kd7 54. Rb7+ Kc8 55. Re7 1-0

[Event "Zuerich op-B 39th"]
[Site "Zuerich"]
[Date "2015.12.29"]
[Round "6"]
[White "Georgieva, Emilia"]
[Black "Milovanovic, Milos"]
[Result "1-0"]
[WhiteElo "1891"]
[BlackElo "1779"]
[PlyCount "53"]
[EventDate "2015.12.26"]
[EventType "swiss"]
[EventRounds "7"]
[EventCountry "SUI"]
[SourceTitle "CBM 170 Extra"]
[Source "ChessBase"]
[SourceDate "2016.02.25"]
[SourceVersion "1"]
[SourceVersionDate "2016.02.25"]
[SourceQuality "1"]

1. d4 Nf6 2. Nf3 g6 3. e3 Bg7 4. b3 d6 5. Bb2 Nbd7 6. Nbd2 0-0 7. c4 b6 8. Qc2 Bb7 9. Bd3 Re8 10. 0-0-0 a5 11. a4 c6 12. Rdg1 e5 13. g4 b5 14. h4 bxc4 15. bxc4 exd4 16. exd4 c5 17. d5 Ne5 18. Nxe5 dxe5 19. h5 Rc8 20. hxg6 hxg6 21. Bxg6 Bxd5 22. cxd5 fxg6 23. Qxg6 Nxd5 24. Rh5 Qc7 25. Rgh1 Kf8 26. Rf5+ Nf6 27. Rxf6+ 1-0

[Event "Skopje Mitrov Tikata Memorial"]
[Site "Skopje"]
[Date "2015.11.08"]
[Round "1"]
[White "Georgieva, Emilia"]
[Black "Pancevski, Filip"]
[Result "0-1"]
[WhiteElo "1891"]
[BlackElo "2497"]
[PlyCount "84"]
[EventDate "2015.11.08"]
[EventType "swiss (rapid)"]
[EventRounds "9"]
[EventCountry "MKD"]
[SourceTitle "CBM 169 Extra"]
[Source "ChessBase"]
[SourceDate "2015.12.18"]
[SourceVersion "1"]
[SourceVersionDate "2015.12.18"]
[SourceQuality "1"]

1. d4 g6 2. Nf3 Bg7 3. c3 d6 4. Bf4 Nd7 5. e3 Ngf6 6. Nbd2 Nh5 7. Bg3 0-0 8. Be2 e5 9. dxe5 dxe5 10. Qc2 Qe7 11. Bh4 Qe8 12. g4 Nhf6 13. h3 a5 14. g5 Nd5 15. Ne4 a4 16. c4 Nb4 17. Qd2 Nc6 18. Nf6+ Nxf6 19. gxf6 Bh6 20. Ng5 Bf5 21. Bg4 Qc8 22. Qe2 Rd8 23. Rd1 Rxd1+ 24. Qxd1 a3 25. b3 Bxg5 26. Bxg5 h5 27. Bxh5 gxh5 28. Qxh5 Bg6 29. Qh6 Qf8 30. Qh4 Rd8 31. 0-0 e4 32. Kh1 Ne5 33. Bh6 Nf3 34. Qf4 Qd6 35. h4 Qxf4 36. Bxf4 Rd2 37. Bxc7 Rxa2 38. Bd6 Kh7 39. h5 Bxh5 40. Kg2 Kg6 41. b4 Rd2 42. b5 Rxd6 0-1

[Event "Skopje Karposh op"]
[Site "Skopje"]
[Date "2015.04.03"]
[Round "9"]
[White "Ekinci, Berkay"]
[Black "Georgieva, Emilia"]
[Result "0-1"]
[WhiteElo "1416"]
[BlackElo "1882"]
[PlyCount "74"]
[EventDate "2015.03.27"]
[EventType "swiss"]
[EventRounds "9"]
[EventCountry "MKD"]
[SourceTitle "CBM 165 Extra"]
[Source "ChessBase"]
[SourceDate "2015.04.21"]
[SourceVersion "1"]
[SourceVersionDate "2015.04.21"]
[SourceQuality "1"]

1. d4 d5 2. c4 c6 3. Nf3 Nf6 4. cxd5 cxd5 5. Nc3 e6 6. Bg5 Be7 7. e3 Nc6 8. Bd3 h6 9. Bh4 Bd7 10. a3 a6 11. 0-0 b5 12. Rc1 0-0 13. Qc2 b4 14. axb4 Nxb4 15. Qe2 Nxd3 16. Qxd3 Bb4 17. Rfd1 Bxc3 18. Rxc3 Bb5 19. Qc2 g5 20. Bg3 Ne4 21. Rc7 Nxg3 22. hxg3 Ba4 23. Qxa4 Qxc7 24. Ne5 Rfc8 25. Rf1 Ra7 26. Qd1 f6 27. Ng4 Kg7 28. Qf3 Rf8 29. Qe2 a5 30. f4 Rb7 31. Nf2 Qc4 32. Qd2 Qb4 33. Qe2 Qxb2 34. Qh5 Qc2 35. Qf3 Rb1 36. Rxb1 Qxb1+ 37. Kh2 a4 0-1

[Event "Albena Masters op"]
[Site "Albena"]
[Date "2014.06.09"]
[Round "9"]
[White "Gorbanovsky, Oleg"]
[Black "Georgieva, Emilia"]
[Result "1-0"]
[WhiteElo "2157"]
[BlackElo "1911"]
[PlyCount "49"]
[EventDate "2014.06.01"]
[EventType "swiss"]
[EventRounds "9"]
[EventCountry "BUL"]
[SourceTitle "CBM 160 Extra"]
[Source "ChessBase"]
[SourceDate "2014.07.01"]
[SourceVersion "1"]
[SourceVersionDate "2014.07.01"]
[SourceQuality "1"]

1. e4 c6 2. d4 d5 3. e5 Bf5 4. Nf3 h6 5. Be2 e6 6. 0-0 g5 7. Nbd2 g4 8. Ne1 h5 9. c4 Bh6 10. cxd5 Qxd5 11. Nc4 Bf8 12. Ne3 Qd7 13. Nxf5 exf5 14. Nd3 Qxd4 15. e6 fxe6 16. Qb3 Qd5 17. Qxb7 Nd7 18. Qxa8+ Kf7 19. Qxa7 Ngf6 20. Bf4 Be7 21. Rad1 Qe4 22. Rfe1 Rd8 23. Bf1 Bc5 24. Nxc5 Qxf4 25. Nxd7 1-0

[Event "Zuerich op 37th"]
[Site "Zuerich"]
[Date "2013.12.29"]
[Round "6"]
[White "Bozicevic, Falko"]
[Black "Georgieva, Emilia"]
[Result "1-0"]
[WhiteElo "1867"]
[BlackElo "1928"]
[PlyCount "89"]
[EventDate "2013.12.26"]
[EventType "swiss"]
[EventRounds "7"]
[EventCountry "SUI"]
[SourceTitle "CBM 158 Extra"]
[Source "ChessBase"]
[SourceDate "2014.02.28"]
[SourceVersion "1"]
[SourceVersionDate "2014.02.28"]
[SourceQuality "1"]

1. f4 d5 2. Nf3 c6 3. b3 Nf6 4. Bb2 Bg4 5. e3 e6 6. Be2 Bxf3 7. Bxf3 Nbd7 8. 0-0 Bd6 9. d4 Qc7 10. c4 b6 11. Nd2 Rc8 12. Rc1 Qb8 13. Qe2 0-0 14. g4 Kh8 15. Qg2 b5 16. c5 Be7 17. Be2 g6 18. Bd3 Rg8 19. Nf3 Rcf8 20. Ng5 Rg7 21. Qh3 Ng8 22. Nf3 f6 23. Kh1 Qe8 24. Qg3 Rff7 25. a4 a6 26. axb5 axb5 27. Ra1 Nf8 28. Ra6 Bd8 29. Rfa1 Rc7 30. Ra8 Rgd7 31. R1a6 Rf7 32. Bc3 Qd7 33. Ba5 Rc8 34. Qe1 Bxa5 35. Qxa5 Rc7 36. Qb6 e5 37. dxe5 Qxg4 38. Be2 fxe5 39. Rxf8 e4 40. Nd4 Qh3 41. Qb8 Kg7 42. Rxg8+ Kh6 43. Qd8 Rce7 44. Ra7 Rxf4 45. exf4 1-0

[Event "Skopje Karposh op"]
[Site "Skopje"]
[Date "2013.03.13"]
[Round "6"]
[White "Georgieva, Emilia"]
[Black "Kacakovski, Dimitar"]
[Result "0-1"]
[WhiteElo "1904"]
[BlackElo "2138"]
[PlyCount "27"]
[EventDate "2013.03.09"]
[EventType "swiss"]
[EventRounds "9"]
[EventCountry "MKD"]
[SourceTitle "CBM 153 Extra"]
[Source "ChessBase"]
[SourceDate "2013.04.22"]
[SourceVersion "1"]
[SourceVersionDate "2013.04.22"]
[SourceQuality "1"]

1. d4 d5 2. Nf3 c5 3. c3 Nf6 4. e3 g6 5. Bd3 Qc7 6. b3 Bg7 7. Bb2 0-0 8. 0-0 Rd8 9. Ne5 Nc6 10. f4 Ng4 11. Qe1 f6 12. Nf3 e5 13. fxe5 fxe5 14. Ng5 0-1

[Event "Skopje Karposh op"]
[Site "Skopje"]
[Date "2013.03.12"]
[Round "5"]
[White "Georgieva, Emilia"]
[Black "Onal, Ozan"]
[Result "1-0"]
[WhiteElo "1904"]
[BlackElo "1461"]
[PlyCount "75"]
[EventDate "2013.03.09"]
[EventType "swiss"]
[EventRounds "9"]
[EventCountry "MKD"]
[SourceTitle "CBM 153 Extra"]
[Source "ChessBase"]
[SourceDate "2013.04.22"]
[SourceVersion "1"]
[SourceVersionDate "2013.04.22"]
[SourceQuality "1"]

1. e4 c5 2. Nf3 d6 3. d3 Nc6 4. b3 Nf6 5. Bb2 g6 6. Nbd2 Bg7 7. c3 0-0 8. g3 Bd7 9. Bg2 Rb8 10. 0-0 b5 11. Qc2 Qc8 12. Ng5 h6 13. Ngf3 Bh3 14. Rae1 e5 15. Kh1 Bxg2+ 16. Kxg2 b4 17. c4 Nh5 18. h3 Ne7 19. Nh2 g5 20. Qd1 Nf6 21. f4 gxf4 22. gxf4 Qe6 23. f5 Qd7 24. Kh1 Kh7 25. Re3 Rg8 26. Rg3 Bh8 27. Ng4 Nh5 28. Rgg1 Nf4 29. Rxf4 exf4 30. Bxh8 Kxh8 31. Qa1+ Rg7 32. Qxg7+ Kxg7 33. Ne5+ Ng6 34. Nxd7 Rd8 35. fxg6 fxg6 36. Nxc5 dxc5 37. Nf3 Rxd3 38. Rxg6+ 1-0

[Event "Gibraltar Challengers-B 11th"]
[Site "Caleta"]
[Date "2013.01.29"]
[Round "4"]
[White "Campbell, Ian"]
[Black "Georgieva, Emilia"]
[Result "1-0"]
[WhiteElo "1998"]
[BlackElo "1949"]
[PlyCount "53"]
[EventDate "2013.01.26"]
[EventType "swiss"]
[EventRounds "5"]
[EventCountry "GGB"]
[SourceTitle "EXT 2014"]
[Source "ChessBase"]
[SourceDate "2013.11.20"]
[SourceVersion "1"]
[SourceVersionDate "2013.11.20"]
[SourceQuality "1"]

1. Nf3 c6 2. d4 d5 3. e3 Nf6 4. Nbd2 Bg4 5. h3 Bf5 6. Bd3 Bxd3 7. cxd3 e6 8. 0-0 Be7 9. Qe2 0-0 10. e4 Na6 11. Nb3 b6 12. Bg5 Nd7 13. Be3 Rc8 14. Rac1 Kh8 15. a3 Nab8 16. Rc2 c5 17. Rfc1 Na6 18. exd5 exd5 19. dxc5 bxc5 20. Nxc5 Naxc5 21. d4 Rc6 22. dxc5 Qc8 23. b4 Rg6 24. Qd3 Qc6 25. Bd4 Qe6 26. Re2 Qxh3 27. Qxg6 1-0